000 00556nmm a2200193Ia 4500
008 251105s9999||||xx |||||||||||||||||und||
020 _a9788417305727
041 _aspa
100 _aBolton, Sharon
245 0 _aEl artesano
264 _a[Madrid, España] :
_bRoca Editorial,
_c[Fecha de publicación no identificada]
300 _a0 páginas
490 _aThriller y suspense
650 _aThriller & Suspense
700 _aBolton, Sharon
700 1 _a Guelbenzu, Ana
856 _uhttps://public.digitaliapublishing.com/a/82232
942 _cCF
999 _c62980
_d62980